Obligaciones y responsabilidad civil : contexto jurisprudencial y doctrinario del Código Civil y Comercial /
Guardado en:
| Autor Principal: | |
|---|---|
| Formato: | Libro |
| Idioma: | Spanish |
| Publicado: |
Ciudad Autónoma de Buenos Aires :
La Ley,
2017.
|
| Edición: | 1a. ed. |
| Materias: | |
| Etiquetas: |
Agregar Etiqueta
Sin Etiquetas, Sea el primero en etiquetar este registro!
|
| LEADER | 00542nam a22001575a 4500 | ||
|---|---|---|---|
| 001 | DER.der013789 | ||
| 008 | 190208s2017####ag############000#0#spa#d | ||
| 005 | 20251223125255.0 | ||
| 245 | 1 | 0 | |a Obligaciones y responsabilidad civil : |b contexto jurisprudencial y doctrinario del Código Civil y Comercial / |c Alejandro Borda. |
| 250 | |a 1a. ed. | ||
| 260 | |a Ciudad Autónoma de Buenos Aires : |b La Ley, |c 2017. | ||
| 300 | |a 547 p. | ||
| 020 | |a 9789870334705 | ||
| 100 | 1 | |a Borda, Alejandro. | |
| 650 | 7 | |a OBLIGACIONES | |
| 859 | |a DERECHO |b BIB. DERECHO |h 346 |i BOR |p 008863 | ||
